|
|
|
|
| LEADER |
00000naa2a2200000 4500 |
| 001 |
234134 |
| 005 |
20231031203749.0 |
| 035 |
|
|
|a (RuTPU)RU\TPU\book\255234
|
| 035 |
|
|
|a RU\TPU\book\255231
|
| 090 |
|
|
|a 234134
|
| 100 |
|
|
|a 20130318d1970 k y0rusy50 ca
|
| 101 |
0 |
|
|a rus
|
| 102 |
|
|
|a RU
|
| 200 |
1 |
|
|a Измерение электрических параметров высокочастотного факельного разряда
|f И. А. Тихомиров [и др.]
|
| 463 |
|
0 |
|0 (RuTPU)RU\TPU\book\255110
|t Физика, техника и применение низкотемпературной плазмы
|o труды IV Всесоюзной конференции по физике и генераторам низкотемпературной плазмы
|f Казахский политехнический институт (КазПТИ)
|v С. 709-710
|d 1970
|p 754 с.
|
| 610 |
1 |
|
|a труды учёных ТПУ
|
| 701 |
|
1 |
|a Тихомиров
|b И. А.
|c российский физик
|c доктор физико-математических наук, профессор Томского политехнического университета
|f 1921-2010
|g Иван Арсентьевич
|2 stltpush
|3 (RuTPU)RU\TPU\pers\18334
|4 070
|
| 701 |
|
1 |
|a Тихомиров
|b В. В.
|
| 701 |
|
1 |
|a Мошненко
|b Н. А.
|
| 701 |
|
1 |
|a Федянин
|b В. Я.
|
| 801 |
|
1 |
|a RU
|b 63413507
|c 20130318
|
| 801 |
|
2 |
|a RU
|b 63413507
|c 20130318
|g RCR
|
| 942 |
|
|
|c BK
|